<?xml version="1.0" encoding="UTF-8"?>
<record
    xmlns:xsi="http://www.w3.org/2001/XMLSchema-instance"
    xsi:schemaLocation="http://www.loc.gov/MARC21/slim http://www.loc.gov/standards/marcxml/schema/MARC21slim.xsd"
    xmlns="http://www.loc.gov/MARC21/slim">

  <leader>00963nam a2200241 a 4500</leader>
  <controlfield tag="001">63209</controlfield>
  <controlfield tag="003">BD-RjUL</controlfield>
  <controlfield tag="005">20211209081153.0</controlfield>
  <controlfield tag="008">170129s2001    bg ||||| |||| 00| 0 ben d</controlfield>
  <datafield tag="020" ind1=" " ind2=" ">
    <subfield code="c">: TK 210.00 </subfield>
  </datafield>
  <datafield tag="035" ind1=" " ind2=" ">
    <subfield code="a">(BD-RjUL)63338</subfield>
  </datafield>
  <datafield tag="040" ind1=" " ind2=" ">
    <subfield code="a">BD-RjUL</subfield>
    <subfield code="b">ben </subfield>
    <subfield code="c">BD-RjUL</subfield>
  </datafield>
  <datafield tag="041" ind1=" " ind2=" ">
    <subfield code="a">ben </subfield>
  </datafield>
  <datafield tag="082" ind1=" " ind2=" ">
    <subfield code="2">23 </subfield>
    <subfield code="a">783.0297 </subfield>
    <subfield code="b">WAD 2001 </subfield>
  </datafield>
  <datafield tag="100" ind1=" " ind2=" ">
    <subfield code="a">&#x993;&#x9AF;&#x9BC;&#x9BE;&#x987;&#x9B8;&#x9C0;, &#x9B8;&#x9C8;&#x9AF;&#x9BC;&#x9A6; &#x9AB;&#x9A4;&#x9C7;&#x9B9; &#x986;&#x9B2;&#x9C0;  (&#x9B0;&#x9BE;&#x983;) </subfield>
    <subfield code="9">188131</subfield>
  </datafield>
  <datafield tag="245" ind1="1" ind2="0">
    <subfield code="a">&#x9A6;&#x9BF;&#x993;&#x9AF;&#x9BC;&#x9BE;&#x9A8;&#x9C7; &#x993;&#x9AF;&#x9BC;&#x9BE;&#x987;&#x9B8;&#x9C0;  / </subfield>
    <subfield code="c"> &#x9B8;&#x9C8;&#x9AF;&#x9BC;&#x9A6; &#x9AB;&#x9A4;&#x9C7;&#x9B9; &#x986;&#x9B2;&#x9C0; &#x993;&#x9AF;&#x9BC;&#x9BE;&#x987;&#x9B8;&#x9C0; (&#x9B0;&#x9BE;&#x983;) </subfield>
  </datafield>
  <datafield tag="260" ind1=" " ind2=" ">
    <subfield code="a">&#x9A2;&#x9BE;&#x995;&#x9BE; :</subfield>
    <subfield code="b">&#x9A6;&#x9B0;&#x9AC;&#x9BE;&#x9B0;&#x9C7; &#x986;&#x98A;&#x9B2;&#x9BF;&#x9AF;&#x9BC;&#x9BE;, </subfield>
    <subfield code="c">&#x9E8;&#x9E6;&#x9E6;&#x9E7; </subfield>
  </datafield>
  <datafield tag="300" ind1=" " ind2=" ">
    <subfield code="a">&#x9E8;&#x9EB;&#x9E6; &#x9AA;&#x9C3;. ; </subfield>
    <subfield code="c">&#x9E8;&#x9E7; &#x9B8;&#x9C7;&#x9AE;&#x9BF;. </subfield>
  </datafield>
  <datafield tag="650" ind1=" " ind2=" ">
    <subfield code="a">Islamic Music </subfield>
    <subfield code="9">188132</subfield>
  </datafield>
  <datafield tag="650" ind1=" " ind2=" ">
    <subfield code="a">&#x987;&#x9B8;&#x9B2;&#x9BE;&#x9AE;&#x9C0; &#x997;&#x9AF;&#x9B2; </subfield>
    <subfield code="9">188133</subfield>
  </datafield>
  <datafield tag="700" ind1=" " ind2=" ">
    <subfield code="a">&#x986;&#x9B2;&#x9AE;, &#x9B8;&#x9C8;&#x9AF;&#x9BC;&#x9CD;&#x9AF;&#x9A6; &#x9AE;&#x9C1;&#x9B9;&#x9BE;&#x9AE;&#x9CD;&#x9AE;&#x9A6; &#x99C;&#x9BE;&#x9A8;&#x9C7;, &#x985;&#x9A8;&#x9C1;&#x9AC;&#x9BE;&#x9A6; </subfield>
    <subfield code="9">188134</subfield>
  </datafield>
  <datafield tag="942" ind1=" " ind2=" ">
    <subfield code="2">ddc</subfield>
    <subfield code="c">BK</subfield>
  </datafield>
  <datafield tag="999" ind1=" " ind2=" ">
    <subfield code="c">63209</subfield>
    <subfield code="d">63209</subfield>
  </datafield>
  <datafield tag="952" ind1=" " ind2=" ">
    <subfield code="0">0</subfield>
    <subfield code="1">0</subfield>
    <subfield code="2">ddc</subfield>
    <subfield code="4">0</subfield>
    <subfield code="7">1</subfield>
    <subfield code="8">NFIC</subfield>
    <subfield code="a">RUCL</subfield>
    <subfield code="b">RUCL</subfield>
    <subfield code="c">Reading</subfield>
    <subfield code="d">2002-08-28</subfield>
    <subfield code="l">0</subfield>
    <subfield code="o">B 783.0297  WAD 2001</subfield>
    <subfield code="r">2017-01-29 00:00:00</subfield>
    <subfield code="t">C-1</subfield>
    <subfield code="w">2017-01-29</subfield>
    <subfield code="y">BK</subfield>
  </datafield>
</record>
